UBT Library

Creating the corporate future : (Record no. 40365)

000 -LEADER
fixed length control field 00596cam a2200217 i 4500
001 - CONTROL NUMBER
control field 883111
005 - DATE AND TIME OF LATEST TRANSACTION
control field 20180116051341.0
008 - FIXED-LENGTH DATA ELEMENTS--GENERAL INFORMATION
fixed length control field 801216s1981 nyua b 001 0 eng
010 ## - LIBRARY OF CONGRESS CONTROL NUMBER
LC control number 80028005
020 ## - INTERNATIONAL STANDARD BOOK NUMBER
International Standard Book Number 0471090093 :
Terms of availability $16.95 (est.)
040 ## - CATALOGING SOURCE
Original cataloging agency DLC
Transcribing agency DLC
Modifying agency DLC
041 ## - LANGUAGE CODE
Language code of text/sound track or separate title eng
080 ## - UNIVERSAL DECIMAL CLASSIFICATION NUMBER
Universal Decimal Classification number 658.4.012
082 00 - DEWEY DECIMAL CLASSIFICATION NUMBER
Classification number 658.4.012 ACK
Edition number 19
100 1# - Rafti
Rafti 54
101 ## - Shkurtesa
Shkurtesa LID
245 10 - TITLE STATEMENT
Title Creating the corporate future :
Statement of responsibility, etc Russell L. Ackoff.
504 ## - BIBLIOGRAPHY, ETC. NOTE
Bibliography, etc Bibliography: p. 287-290.
906 ## - LOCAL DATA ELEMENT F, LDF (RLIN)
a 7
b cbc
c orignew
d u
e ocip
f 19
g y-gencatlg
942 ## - ADDED ENTRY ELEMENTS (KOHA)
Source of classification or shelving scheme
Item type Books

No items available.

UBT Library © 2015-2024. All rights reserved University Education for Business and Technology